| 000 | 00663na a2200229 4500 | ||
|---|---|---|---|
| 001 | 14127 | ||
| 003 | MIRAKIL | ||
| 005 | 20181213154848.0 | ||
| 008 | 160824b tu 000 0 | ||
| 035 | _a14127 | ||
| 040 |
_aMilas _btur _cTR-AnCHP |
||
| 082 |
_aATA 923.156 _bS38a 1981 |
||
| 090 | _aATA 923.156 S38a 1981 | ||
| 100 | _aSevük, İsmail Habib | ||
| 245 |
_aAtatürk için _cİsmail Habib Sevük |
||
| 260 |
_aAnkara _bKültür Bakanlığı _c1981 |
||
| 300 |
_a150 s. _c20 sm. |
||
| 490 |
_aKültür Bakanlığı Yayınları _v397 |
||
| 490 |
_aAtatürk Yayınları _v6 |
||
| 600 |
_aAtatürk, Mustafa Kemal _d1881-1938 _xAnılar |
||
| 942 |
_2ddc _cBKS |
||
| 999 |
_c2178 _d2178 |
||